[Event "39th Olympiad Men"]
[Site "Khanty-Mansiysk RUS"]
[Date "2010.09.27"]
[Round "6"]
[White "Borda,A"]
[Black "Jose Queralto,D"]
[Result "1/2-1/2"]
[WhiteElo "2164"]
[BlackElo "2105"]

1.d4 d5 2.c4 dxc4 3.e4 e5 4.Nf3 exd4 5.Nxd4 Bc5 6.Be3 Nc6 7.Nxc6 Qxd1+ 8.Kxd1 Bxe3
9.fxe3 bxc6 10.Bxc4 Nf6 11.Nc3 Ng4 12.Kd2 O-O 13.Rae1 Re8 14.h3 Nf6 15.Rhf1 Be6
16.Bd3 Nd7 17.Kc2 Ne5 18.Be2 f6 19.Rd1 Bc4 20.b3 Bxe2 21.Nxe2 Nf7 22.Ng3 Nd6
23.Rd4 Re5 24.h4 Rae8 25.Kd3 Nb7 26.Rc1 Nc5+ 27.Ke2 f5 28.Rdc4 Nxe4 29.Nxe4 Rxe4
30.Rxe4 Rxe4 31.Rxc6 Rxh4 32.Rxc7 a5 33.Ra7 Re4 34.Rxa5 f4 35.Rb5 fxe3 36.a4 Rg4
37.a5 Rxg2+ 38.Kxe3 h5 39.Kf3 Rb2 40.a6 Ra2 41.Rb6 g5 42.Ke4 h4 43.Kf5 h3
44.Rh6 h2 45.Kxg5 Kg7 46.Rh3 Kf7 47.Kf5 Ke7 48.Ke5 Kd7 49.Kd5 Kc7 50.Kc5 Ra5+
51.Kc4 Rxa6 52.Rxh2 Rg6 53.Rh5 Kb7 54.Kc5 Rc6+ 55.Kb5 Rb6+ 56.Ka4 Ra6+ 57.Kb4 Rg6
58.Rb5+ Ka7 59.Ka3 Ka6 60.Rb8 Ka7 61.Rh8 Kb7 62.b4 Kb6 63.Ka4 Kb7 64.Ka5 Ra6+
65.Kb5 Rb6+ 66.Kc5 Rc6+ 67.Kd5 Rg6 68.Kc4 Rc6+ 69.Kb3 Rg6 70.Rh7+ Kb6 71.Ka4 Rf6
72.Rh5 Kb7 73.Rb5+ Ka7 74.Re5 Kb7 75.Ka5 Ra6+ 76.Kb5 Rb6+ 77.Kc5 Rc6+ 78.Kd5 Rg6
79.Kc4 Rh6  1/2-1/2

[Event "39th Olympiad Men"]
[Site "Khanty-Mansiysk RUS"]
[Date "2010.09.28"]
[Round "7"]
[White "Edouard,R"]
[Black "Magem Badals,J"]
[Result "1/2-1/2"]
[WhiteElo "2636"]
[BlackElo "2589"]

1.d4 d5 2.c4 dxc4 3.e4 e5 4.Nf3 exd4 5.Bxc4 Bb4+ 6.Nbd2 Nc6 7.O-O Nf6 8.e5 Nd5
9.Nb3 Nb6 10.Bb5 Qd5 11.Bxc6+ Qxc6 12.Bd2 Bxd2 13.Qxd2 O-O 14.Rac1 Qd7 15.Nfxd4 Qe7
16.f4 Rd8 17.Qc3 a5 18.Rfd1 Be6 19.Nc5 Bd5 20.Nf5 Qf8 21.b3 a4 22.Rd4 axb3
23.axb3 Ra2 24.Ne3 Bc6 25.Rcd1 Rxd4 26.Qxd4 h6 27.f5 Kh7 28.b4 Na4 29.Qc4 Rb2
30.Nd7 Bxd7 31.Rxd7 Nb6 32.Qc3 Rb1+ 33.Rd1 Qxb4 34.Qxb4 Rxb4 35.Nd5 Nxd5
36.Rxd5 Rf4 37.Rd7 Rxf5 38.Rxc7 b5 39.Rc5 f6 40.Rxb5 fxe5 41.g4 Rg5 42.h3 h5
43.Kf2 hxg4 44.hxg4 Rxg4 45.Rxe5 Kh6 46.Kf3 Rg5 47.Re1 Ra5 48.Kg4 Ra4+ 49.Kg3 Kh5
50.Re5+ g5 51.Re3 Rg4+ 52.Kh3 Rg1 53.Kh2 Rf1 54.Kg3  1/2-1/2

[Event "21st Open"]
[Site "Goch GER"]
[Date "2010.09.30"]
[Round "1.1"]
[White "Malakhatko,V"]
[Black "Kruijf,C"]
[Result "1-0"]
[WhiteElo "2578"]
[BlackElo "1960"]

1.d4 d5 2.c4 dxc4 3.e4 Nf6 4.e5 Nd5 5.Bxc4 Nb6 6.Bb3 Bf5 7.e6 Bxe6 8.Bxe6 fxe6
9.Nf3 Nc6 10.Nc3 Qd6 11.O-O h6 12.a4 Nd5 13.Ne4 Qd7 14.Nc5 Qc8 15.Re1 Nd8
16.Ne5 Nf6 17.Qd3  1-0

[Event "39th Olympiad Women"]
[Site "Khanty-Mansiysk RUS"]
[Date "2010.10.01"]
[Round "10"]
[White "Galojan,L"]
[Black "Majdan,J"]
[Result "0-1"]
[WhiteElo "2373"]
[BlackElo "2333"]

1.d4 d5 2.c4 dxc4 3.e4 c5 4.d5 Nf6 5.Nc3 b5 6.e5 b4 7.exf6 bxc3 8.Bxc4 Nd7
9.fxe7 Bxe7 10.Ne2 cxb2 11.Bxb2 O-O 12.d6 Bf6 13.Bxf6 Qxf6 14.O-O Nb6 15.Bd5 Nxd5
16.Qxd5 Ba6 17.Rae1 Rae8 18.Qd2 Re6 19.d7 Rd6 20.Qc2 Rxd7 21.Qxc5 Rd2 22.Qe3 Qd8
23.Nc1 Bxf1 24.Kxf1 Rd1 25.g3 Rxe1+ 26.Qxe1 Re8 27.Qc3 Qd5 28.Kg1 Qe4 29.Qc7 Qf3  0-1

[Event "39th Olympiad Men"]
[Site "Khanty-Mansiysk RUS"]
[Date "2010.10.01"]
[Round "10"]
[White "Leitao,R"]
[Black "Stevic,H"]
[Result "1/2-1/2"]
[WhiteElo "2624"]
[BlackElo "2607"]

1.d4 d5 2.c4 dxc4 3.e4 e5 4.Nf3 exd4 5.Bxc4 Bb4+ 6.Nbd2 Nc6 7.O-O Nf6 8.e5 Nd5
9.Nb3 Nb6 10.Bb5 Qd5 11.Nbxd4 O-O 12.Bxc6 bxc6 13.Qc2 c5 14.Nf5 Qe6 15.Ng3 Qg6
16.Qxg6 hxg6 17.Bd2 Bxd2 18.Nxd2 Rd8 19.Nde4 c4 20.Rfd1 Be6 21.Nc5 Bd5 22.f4 a5
23.Rd2 a4 24.a3 Bc6 25.Rf2 Rd5 26.Nce4 Rad8 27.Nc3 Rd4 28.Re1 Nd7 29.Nge4 f5
30.exf6 gxf6 31.Rd2 Rd3 32.Red1 Nc5 33.Rxd3 Nxd3 34.Nxf6+ Kg7 35.Ng4 Rb8
36.Rd2 Nxb2 37.Ne5 Be8 38.Ne4 Rb3 39.Rd8 Re3 40.Rxe8 Rxe4 41.g3 c5 42.Re7+ Kf6
43.Rc7 Nd3 44.Nd7+ Ke6 45.Nxc5+ Nxc5 46.Rxc5 Kd6 47.Rc8 Kd5 48.Kf2 Kd4 49.Ra8 Kd3
50.Rxa4 Re2+ 51.Kf3 Re3+ 52.Kf2 c3 53.Ra6 Kd2 54.Rxg6 c2 55.Rc6 Rc3 56.Rd6+ Rd3
57.Rc6 c1=Q 58.Rxc1 Kxc1 59.f5 Kd2 60.g4 Kc3 61.f6 Kc4 62.g5 Rd5 63.Ke3 Rxg5
64.Ke4 Rg2 65.Ke5 Rxh2 66.f7 Rf2 67.Ke6 Kb3 68.Ke7 Kxa3 69.f8=Q Rxf8 70.Kxf8  1/2-1/2

[Event "39th Olympiad Men"]
[Site "Khanty-Mansiysk RUS"]
[Date "2010.10.03"]
[Round "11"]
[White "Khader,Sam"]
[Black "Stevic,H"]
[Result "1/2-1/2"]
[WhiteElo "2449"]
[BlackElo "2607"]

1.d4 d5 2.c4 dxc4 3.e4 e5 4.Nf3 exd4 5.Bxc4 Bb4+ 6.Nbd2 Nc6 7.O-O Nf6 8.e5 Nd5
9.Nb3 Nb6 10.Bg5 Be7 11.Bxe7 Qxe7 12.Bb5 Bd7 13.Re1 O-O 14.Rc1 Rad8 15.Nc5 a6
16.Bd3 Bc8 17.Be4 d3 18.Qd2 Nd4 19.Qxd3 Ne6 20.Bxh7+ Kh8 21.Qe4 Nxc5 22.Rxc5 g6
23.Bxg6 fxg6 24.Qxg6 Qxc5 25.Qh6+  1/2-1/2

[Event "TCh-NED"]
[Site "Netherlands NED"]
[Date "2010.10.09"]
[Round "2.2"]
[White "Wunnink,M"]
[Black "Kroeze,F"]
[Result "0-1"]
[WhiteElo "2254"]
[BlackElo "2422"]

1.d4 d5 2.c4 dxc4 3.e4 e5 4.Nf3 exd4 5.Bxc4 Bb4+ 6.Nbd2 Nc6 7.O-O Nf6 8.e5 Nd5
9.Nb3 Nb6 10.Bb5 Qd5 11.Nbxd4 O-O 12.Nxc6 Qxb5 13.Nxb4 Qxb4 14.Qc2 Qc4 15.Qxc4 Nxc4
16.b3 Nb6 17.Nd4 Bd7 18.Ba3 Rfe8 19.f4 Nd5 20.Rae1 b6 21.b4 a5 22.b5 Nc3
23.f5 Nxb5 24.Nxb5 Bxb5 25.Rf4 Rad8 26.e6 Rd3 27.Bb2 Rd2 28.Bc3 Rc2 29.Rf3 fxe6
30.fxe6 Bc6 31.Rg3 g6 32.h4 Bd5 33.e7 Kf7 34.Rf1+ Kxe7 35.Re3+ Kd7 36.Rg3 Ree2  0-1

[Event "TCh-HUN 2010-11"]
[Site "Kazincbarcika HUN"]
[Date "2010.10.10"]
[Round "1"]
[White "Bakos,B"]
[Black "Borsos,B"]
[Result "1/2-1/2"]
[WhiteElo "2390"]
[BlackElo "2323"]

1.d4 d5 2.c4 dxc4 3.e4 e5 4.Nf3 exd4 5.Bxc4 Nc6 6.O-O Be7 7.Nbd2 Nf6 8.e5 Nd5
9.Nb3 O-O 10.Nbxd4 Nxd4 11.Nxd4 Nb6 12.Bb3 c5 13.Nb5 c4 14.Bc2 Qxd1 15.Rxd1 Bc5
16.h3 Bd7 17.Nd6 Bc6 18.Bg5 Rfb8 19.Rac1 h6 20.Bh4 Bd5 21.Be7 Be6 22.Be4 a5
23.Bh4 Bxd6 24.exd6 f5 25.Bf3 g5 26.Bg3 f4 27.Bh2 Na4 28.Rd2 Rd8 29.h4 Ra6
30.hxg5 hxg5 31.Bd5 Rdxd6 32.Bxe6+ Rxe6 33.Rd5 Nxb2 34.Rxg5+ Kf7 35.Bxf4 Nd3
36.Rxc4 Re1+ 37.Kh2 Nxf2 38.Bd2 Rh6+ 39.Kg3 Ne4+ 40.Rxe4 Rxe4 41.Rxa5 Ra6
42.Rb5 Ra3+ 43.Kf2 Re7 44.Rb2 Ke6 45.Bb4 Rf7+ 46.Ke1 Rd3 47.a3 Kd5 48.Rf2 Rg7
49.Rc2 Ke4 50.Rc4+ Rd4 51.Rc2 Rf7 52.Ke2 Rd8 53.Rc4+ Kd5 54.Kd3 Rg8 55.Rd4+ Kc6
56.Kc4 Rxg2 57.Rd6+ Kc7 58.Rd5 Rgf2 59.Rc5+ Kb8 60.Re5 R7f4+ 61.Kb3 R2f3+
62.Ka4 Rf5 63.Bd6+ Ka7 64.Re8 Rd5 65.Bb4 Rf6 66.Re3 Rdf5 67.Re7 Ka6 68.Re8 b5+
69.Kb3 Rf3+ 70.Kc2 Rc6+ 71.Kd2 Rg6 72.Re2 Rfg3 73.Re8 Kb6 74.Re5 R3g5 75.Re8 Rd5+
76.Kc2 Rg2+ 77.Kc3 Rg3+ 78.Kc2 Rg2+ 79.Kc3 Rdg5 80.Re6+ Kc7 81.Rf6 Rg6 82.Rf8 Rc6+
83.Kd3 Rg3+ 84.Kd2 Rh6 85.Rf2 Kc6 86.Kc2 Kd5 87.Rf5+ Ke4 88.Rf2 Rhg6 89.Rf8 Rc6+
90.Kb2 Kd3 91.Rf2 Re3 92.Rd2+ Ke4 93.Rh2 Rf6 94.Rc2 Kf3 95.Rc5 Rg6 96.Bc3 Rb6
97.Kb3 Rb7 98.Kb4 Re4+ 99.Kb3 Rg4 100.Rf5+ Rf4 101.Rc5 Kg4 102.Bb4 Rf5 103.Rc8 Rff7
104.Rg8+ Kf5 105.Re8 Rh7 106.Rf8+ Ke4 107.Re8+ Kd5 108.Rd8+ Rbd7 109.Rg8 Rh3+
110.Kb2 Rdh7 111.Rg5+ Kc6 112.Rg6+ Kb7 113.Rg5 Rh2+ 114.Kc3 R7h3+ 115.Kd4 Rh4+
116.Kd3 Rh5 117.Rg6 Rb2 118.Kc3 Rhh2 119.Rg7+ Kc6 120.Rg6+ Kd5 121.Rg5+ Ke4
122.Rg4+ Kf3 123.Rg8 Rhc2+ 124.Kd3 Rc4 125.Rg5 Rb3+ 126.Kd2 Rg4 127.Rxb5 Rg2+
128.Kc1 Rbb2 129.Rd5 Rgc2+ 130.Kd1 Ra2 131.Bd2 Rc8 132.Rd3+ Kf2 133.Bc3 Rg8
134.Bd4+ Kf1 135.Bc5 Rg5 136.Bb4 Rg1 137.Rd2 Rg2 138.Rxa2 Rxa2 139.Kc1 Kg2
140.Kb1 Re2 141.a4 Re4 142.Bc3 Rxa4 143.Kc2 Kf3 144.Kd3 Ra7 145.Kd4 Rd7+
146.Ke5 Rh7 147.Bd4 Rh5+ 148.Kd6 Ke4 149.Bb6 Rh6+ 150.Kc7 Kd5 151.Kb7 Rh7+
152.Ka8 Kc6 153.Ba7 Kb5 154.Bb8 Kb6 155.Be5 Rd7 156.Bf4 Rd8+ 157.Bb8 Kc6
158.Ka7 Rd7+ 159.Ka8 Ra7+  1/2-1/2

[Event "Karen Asrian Memorial"]
[Site "Jermuk ARM"]
[Date "2010.10.11"]
[Round "7"]
[White "Guramishvili,S"]
[Black "Gharagyozian,A"]
[Result "0-1"]
[WhiteElo "2343"]
[BlackElo "2207"]

1.d4 d5 2.c4 dxc4 3.e4 c5 4.d5 Nf6 5.Nc3 b5 6.e5 b4 7.exf6 bxc3 8.bxc3 Nd7
9.fxe7 Bxe7 10.Bxc4 Nb6 11.Bb5+ Bd7 12.Bd3 Nxd5 13.Ne2 Bf6 14.Bd2 O-O 15.O-O Bc6
16.Qc2 g6 17.Ng3 Re8 18.Be4 Be5 19.Rad1 c4 20.Be3 Nxe3 21.Rxd8 Nxc2 22.Rxe8+ Rxe8
23.Bxc6 Rc8 24.Ba4 Na3 25.Ne2 Rb8 26.f4 Bc7 27.Nd4 Rb2 28.Rf2 Rb1+ 29.Rf1 Bb6
30.Kf2 Rb2+ 31.Kf3 Bxd4 32.cxd4 c3 33.Rc1 c2 34.Ke2 Rxa2 35.Kd3 Rb2 36.d5 Rb1
37.Kd2 Kf8 38.d6 f5 39.g3 Kf7 40.d7 Ke7 41.Bc6 Kd8 42.Ba4 Rb4 43.Bc6 Rc4
44.Bf3 Nb1+ 45.Ke1 a5 46.Bd5 Rc3 47.Ba2 Na3 48.Kd2 Rc6 49.Bb3 Rb6 50.Kc3 Kxd7
51.Re1 Kd8 52.h4 Nb5+ 53.Kd3 Rd6+ 54.Kc4 c1=Q+ 55.Rxc1 Rc6+ 56.Kxb5 Rxc1
57.Bg8 Rc3 58.Bxh7 Rxg3 59.Kxa5 Ke7 60.Kb5 Kf6  0-1

[Event "7th Lippe Cup"]
[Site "Lieme GER"]
[Date "2010.10.17"]
[Round "5"]
[White "Bluebaum,M"]
[Black "Mueller,Maxi"]
[Result "1/2-1/2"]
[WhiteElo "2191"]
[BlackElo "2294"]

1.d4 d5 2.c4 dxc4 3.e4 Nf6 4.e5 Nd5 5.Bxc4 Nb6 6.Bb3 Bf5 7.Nc3 e6 8.Be3 Nc6
9.Nge2 Be7 10.O-O Qd7 11.a4 Na5 12.Bc2 Bxc2  1/2-1/2

[Event "Lichtenrader Herbst"]
[Site "Berlin GER"]
[Date "2010.10.23"]
[Round "8"]
[White "Dimitrijeski,K"]
[Black "Muskewitz,B"]
[Result "1-0"]
[WhiteElo "2192"]
[BlackElo "2026"]

1.d4 d5 2.c4 dxc4 3.e4 e5 4.Nf3 exd4 5.Qxd4 Qxd4 6.Nxd4 Bb4+ 7.Nc3 Nf6 8.f3 Bd7
9.Bxc4 Nc6 10.Nb5 Rc8 11.Bf4 Ba5 12.O-O-O a6 13.Nd4 b5 14.Nxc6 Bxc6 15.Bd5 Bxd5
16.Nxd5 Nxd5 17.Rxd5 O-O 18.Rhd1 c6 19.Rd7 c5 20.Ra7 Rc6 21.Rdd7 c4 22.Rd6 Rcc8
23.Rdxa6 Bb4 24.a3 Bc5 25.Rb7 b4 26.axb4 Bd4 27.Rd7 Bf6 28.Bd6 c3 29.e5 Rfe8
30.bxc3 Bxe5 31.Bxe5 Rxe5 32.Kc2 Re3 33.Ra3 h5 34.b5 Rb8 35.Rb3 Re6 36.c4 Reb6
37.Rbd3 Kf8 38.Rd8+ Ke7 39.Rxb8 Rxb8 40.Kc3 Ke6 41.Kb4  1-0

[Event "Chigorin Mem Classic Open"]
[Site "St Petersburg RUS"]
[Date "2010.10.28"]
[Round "1"]
[White "Tunik,G"]
[Black "Kopasov,E"]
[Result "1-0"]
[WhiteElo "2457"]
[BlackElo "2086"]

1.d4 d5 2.c4 dxc4 3.e4 e5 4.Nf3 exd4 5.Bxc4 Nc6 6.O-O Be6 7.Bxe6 fxe6 8.Qb3 Qd7
9.Qxb7 Rb8 10.Qa6 Nf6 11.Nbd2 Bd6 12.b3 O-O 13.Bb2 Bf4 14.Ba3 Bd6 15.Rac1 Rb6
16.Qa4 Bxa3 17.Qxa3 Ne8 18.e5 Rf5 19.Rfe1 Rb5 20.Qa4 Nb4 21.Rc5 a6 22.Rxb5 Qxb5
23.Qxb5 axb5 24.Nxd4 Nd3 25.Nxf5 Nxe1 26.Nd4 Nd3 27.Nc6 b4 28.Ne4 Kf7 29.g4 h6
30.Kg2 Nf4+ 31.Kg3 Nd5 32.Nc5 g5 33.Nd3  1-0

[Event "Chigorin Mem Classic Open"]
[Site "St Petersburg RUS"]
[Date "2010.11.05"]
[Round "9"]
[White "Airapetian,G"]
[Black "Shipov,S"]
[Result "1/2-1/2"]
[WhiteElo "2451"]
[BlackElo "2557"]

1.d4 d5 2.c4 dxc4 3.e4 Nf6 4.e5 Nd5 5.Bxc4 Nb6 6.Bb3 Nc6 7.Ne2 Bf5 8.O-O e6
9.Nbc3 Qd7 10.Be3 Na5 11.Bc2 Bg6 12.Nf4 O-O-O 13.Nxg6 hxg6 14.Qf3 Kb8 15.Be4 c6
16.a3 Nd5 17.Na4 Nc4 18.Bc1 Qc7 19.g3 Ndb6  1/2-1/2

[Event "Russia Cup Final KO"]
[Site "Belgorod RUS"]
[Date "2010.11.08"]
[Round "1.2"]
[White "Gutov,A"]
[Black "Timofeev,Arty"]
[Result "1/2-1/2"]
[WhiteElo "2439"]
[BlackElo "2681"]

1.d4 d5 2.c4 dxc4 3.e4 Nc6 4.Be3 Nf6 5.Nc3 e5 6.d5 Na5 7.Bxc4 Nxc4 8.Qa4+ c6
9.Qxc4 cxd5 10.exd5 Bd6 11.Nf3 O-O 12.O-O h6 13.Nb5 e4 14.Nxd6 exf3 15.Bc5 Nd7
16.Rfe1 Qg5 17.g3 Nxc5 18.Qxc5 Qh5 19.h4 b6 20.Qd4 Qg4 21.Qf4 Qxf4 22.gxf4 Rd8
23.Nb5 Bb7 24.Rad1 Rd7 25.Re3 Bxd5 26.Nc7 Rxc7 27.Rxd5 Rc2 28.Rb5 Rd8 29.Rxf3 Rdd2
30.Re5 Rxb2 31.Re8+ Kh7 32.Re7 Kg6 33.Rxa7 Rxa2 34.Rb7 Rab2 35.Rg3+ Kf6 36.Rc3 Rxf2
37.Rc6+ Kf5 38.Rxf7+ Ke4 39.Rxb6 Rg2+ 40.Kh1 Rh2+ 41.Kg1 Rbg2+ 42.Kf1 Rf2+
43.Kg1 Rfg2+ 44.Kf1 g6 45.Rff6 Rf2+ 46.Kg1 Rhg2+ 47.Kh1 Rh2+ 48.Kg1 Rhg2+  1/2-1/2

[Event "ch-ISR"]
[Site "Haifa ISR"]
[Date "2010.11.16"]
[Round "7.2"]
[White "Golod,V"]
[Black "Zilberman,Y"]
[Result "1-0"]
[WhiteElo "2582"]
[BlackElo "2481"]

1.d4 d5 2.c4 dxc4 3.e4 Nf6 4.e5 Nd5 5.Bxc4 Nb6 6.Bd3 Nc6 7.Be3 Nb4 8.Be4 f5
9.exf6 exf6 10.Nc3 f5 11.Bb1 Bd6 12.Nf3 O-O 13.O-O c6 14.Re1 h6 15.a3 N4d5
16.Ba2 Bc7 17.Bd2 Qd6 18.Nxd5 Nxd5 19.Bb4 Qd8 20.Be7 Qd7 21.Bxf8 Kxf8 22.Ne5 Qd6
23.Qh5 Be6 24.Bxd5 cxd5 25.Qg6 Kg8 26.Rac1 Rc8 27.Nf3  1-0

[Event "16th Asian Games Team Men"]
[Site "Guangzhou CHN"]
[Date "2010.11.20"]
[Round "3"]
[White "Al Sayed,Mohamad"]
[Black "Filippov,An UZB"]
[Result "0-1"]
[WhiteElo "2502"]
[BlackElo "2620"]

1.d4 d5 2.c4 dxc4 3.e4 Nf6 4.e5 Nd5 5.Bxc4 Nb6 6.Bd3 Nc6 7.Ne2 Bg4 8.f3 Bh5
9.e6 fxe6 10.Bf4 Qd7 11.Nbc3 g5 12.Bxg5 Bg7 13.Bb5 a6 14.Bxc6 Qxc6 15.Rc1 Bf7
16.Ne4 Qd7 17.O-O Nd5 18.Nc5 Qb5 19.Qd2 b6 20.Ne4 Rd8 21.N2c3 Nxc3 22.bxc3 h6
23.Bh4 Rd7 24.Qe3 Qc4 25.Bg3 Qxa2 26.Nf2 Qc4 27.Be5 Bxe5 28.Qxe5 Rg8 29.Qe3 e5
30.Qxe5 Rd5 31.Qe4 Rdg5 32.Ng4 Bd5 33.Qe3 Qc6 34.Rce1 R8g7 35.h3 h5 36.h4 R5g6
37.Ne5 Rxg2+ 38.Kh1 Qe6 39.Ng4 R2xg4  0-1

[Event "TCh-FIN 2010-11"]
[Site "Salo FIN"]
[Date "2010.11.20"]
[Round "4.3"]
[White "Lehtivaara,P"]
[Black "Westerinen,H"]
[Result "0-1"]
[WhiteElo "2363"]
[BlackElo "2365"]

1.d4 d5 2.c4 dxc4 3.e4 e5 4.Nf3 Nf6 5.Bxc4 Nxe4 6.Qb3 Nd6 7.dxe5 Nxc4 8.Qxc4 Be6
9.Qe2 Qd5 10.Nc3 Qc4 11.Qxc4 Bxc4 12.Bf4 Na6 13.Nd2 Be6 14.Ke2 O-O-O 15.Rhd1 Nb4
16.Bg3 Be7 17.a3 Nd3 18.Rab1 h5 19.h3 h4 20.Bh2 Rh5 21.f4 g5 22.f5 Bxf5 23.Nde4 Nf4+
24.Bxf4 Bxe4 25.Rxd8+ Bxd8 26.Nxe4 gxf4 27.Kf3 Rxe5 28.Kxf4 Rd5 29.Re1 c5
30.Re2 Kd7 31.Nc3 Rd4+ 32.Kf5 a6 33.Rc2 Be7 34.Ne2 Rd5+ 35.Ke4 Kd6 36.Ng1 Re5+
37.Kf4 b5 38.Nf3 Rd5 39.Re2 Bf6 40.Re8 Kd7 41.Ra8 Rd6 42.Ra7+ Ke6 43.Ng5+ Bxg5+
44.Kxg5 Rd2 45.Rxa6+ Ke5 46.Kxh4 Rxg2 47.b4 cxb4 48.axb4 Rb2 49.Ra7 Rxb4+
50.Kh5 f5 51.h4 Rb1 52.Rb7 b4 53.Rb5+ Ke4 54.Kg6 f4 55.h5 f3 56.Rf5 Rh1 57.Rb5 Rg1+
58.Kh6 Rb1 59.Rb8 f2 60.Re8+ Kd5  0-1

[Event "Vasylyshyn Memorial IM"]
[Site "Lviv UKR"]
[Date "2010.11.27"]
[Round "5"]
[White "Bargan,Se"]
[Black "Nester,I"]
[Result "0-1"]
[WhiteElo "2347"]
[BlackElo "2340"]

1.d4 d5 2.c4 dxc4 3.e4 e5 4.Nf3 Bb4+ 5.Nc3 exd4 6.Qxd4 Qxd4 7.Nxd4 Nf6 8.f3 c6
9.Bxc4 O-O 10.O-O Nbd7 11.Be3 Ne5 12.Be2 Re8 13.Rac1 Ng6 14.a3 Bd6 15.g3 Bh3
16.Rfd1 Rad8 17.Bf2 Bb8 18.b4 Nf8 19.a4 Bd6 20.Nc2 Be5 21.Ne3 Rxd1+ 22.Nexd1 Bd6
23.b5 c5 24.Ne3 b6 25.Nc4 Bc7 26.a5 Be6 27.axb6 axb6 28.Ra1 N8d7 29.f4 Nxe4
30.Nxe4 Bxc4 31.Bxc4 Rxe4 32.Bd5 Re7 33.Ra7 Nf6 34.Bc6 h5 35.Kf1 Ng4 36.Bg1 Bd6
37.Ra6 Bc7 38.Ra7 Kh7 39.h3 Nh6 40.Bf3 Nf5 41.Bf2 g6 42.g4 hxg4 43.hxg4 Bxf4
44.Ra6 Ne3+ 45.Bxe3 Rxe3 46.Bd5 Bc7 47.Kf2 Re7 48.Kf3 Kh6 49.Ra7 Kg5 50.Be4 f6
51.Rb7 c4 52.Ra7 c3 53.Bd3 Rh7 54.Rb7 Rh3+ 55.Ke4 Bf4 56.Rxb6 f5+  0-1

[Event "XXIII Belgrade Trophy"]
[Site "Obrenovac SRB"]
[Date "2010.11.30"]
[Round "7.59"]
[White "Ivanovic,L"]
[Black "Todorovic,Milos"]
[Result "0-1"]
[WhiteElo "1858"]
[BlackElo "2106"]

1.d4 d5 2.c4 dxc4 3.e4 e5 4.d5 f5 5.Nc3 Nf6 6.Bxc4 Bd6 7.Qe2 O-O 8.Nf3 fxe4
9.Ng5 Bg4 10.Qc2 Qe8 11.Ne6 Rf7 12.h3 Bxe6 13.dxe6 Re7 14.Bg5 Bb4 15.O-O Bxc3
16.Qxc3 Nc6 17.Bb5 a6 18.Bxc6 Qxc6 19.Qxc6 bxc6 20.Rac1 Rxe6 21.Rc5 Rb8 22.b3 Nd5
23.Bd2 Nf6 24.Rfc1 Rd8 25.Ba5 Rd5 26.Bxc7 Rd2 27.a4 Nd5 28.Rxc6 Nxc7 29.Rxc7 Rf6
30.Rb7 Rdxf2 31.Rc8+ Rf8 32.Rcc7 Rf1+ 33.Kh2 R1f7 34.Rxf7 Rxf7 35.Rxf7 Kxf7
36.b4 Ke6 37.Kg3 Kd5 38.b5 axb5 39.axb5 Kc5 40.Kf2 Kxb5 41.Ke3 Kc5 42.Kxe4 Kd6
43.g4 g5 44.Kf5 h6 45.Kg6 e4 46.Kxh6 e3 47.Kxg5 e2 48.h4 e1=Q 49.h5 Ke7 50.Kg6 Qe6+  0-1

[Event "Podgaets Memorial"]
[Site "Odessa UKR"]
[Date "2010.11.30"]
[Round "11"]
[White "Kutsykh,M"]
[Black "Fingerov,D"]
[Result "0-1"]
[WhiteElo "2295"]
[BlackElo "2388"]

1.d4 d5 2.c4 dxc4 3.e4 c5 4.d5 Nf6 5.Nc3 e6 6.Bxc4 exd5 7.Nxd5 Nxd5 8.Bxd5 Be7
9.Qb3 O-O 10.Bxb7 c4 11.Qb5 a6 12.Qxc4 Bxb7 13.Nf3 Qa5+ 14.Bd2 Qb5 15.Qxb5 axb5
16.Nd4 Bxe4 17.Nxb5 Nc6 18.f3 Bd3 19.Nc7 Ra7 20.Bf4 g5 21.Bg3 Bb4+ 22.Kf2 Bc5+
23.Ke1 Nb4 24.Rc1 Be3 25.Rc3 Rd8 26.a3 Nc2+ 27.Kd1 Bf5+ 28.Ke2 Rd2+ 29.Kf1 Bd3+  0-1

[Event "70th ch-ITA"]
[Site "Siena ITA"]
[Date "2010.12.03"]
[Round "10"]
[White "Caruana,F"]
[Black "Godena,M"]
[Result "1-0"]
[WhiteElo "2709"]
[BlackElo "2549"]

1.d4 d5 2.c4 dxc4 3.e4 e5 4.Nf3 Bb4+ 5.Nc3 exd4 6.Nxd4 Ne7 7.Bf4 Bxc3+ 8.bxc3 Ng6
9.Bg3 Qe7 10.Bxc4 Qxe4+ 11.Qe2 Qxe2+ 12.Bxe2 Na6 13.Rb1 O-O 14.O-O Re8 15.Rfe1 Nc5
16.Bxc7 Bd7 17.Bf3 Rxe1+ 18.Rxe1 Rc8 19.Bg3 b6 20.h4 Ne6 21.h5 Ne7 22.Be5 Nc6
23.Nxc6 Bxc6 24.Bg4 Re8 25.Bg3 g6 26.h6 f5 27.Bd1 f4 28.Bh4 Kf8 29.Re5 g5
30.Bh5 Rc8 31.Bxg5 Nxg5 32.Rxg5 Bd7 33.Rg7 Rc5 34.Bf3 Bf5 35.Rxa7 Rxc3 36.Bd5 Bg6
37.Ra4 Rc1+ 38.Kh2 Rc5 39.Rxf4+ Ke7 40.Bf3 Ra5 41.Rb4 b5 42.Bd5 Kf6 43.f4 Bf5
44.Bc6 Bd3 45.Rd4 Ra3 46.Bd5 Bb1 47.Rd1 Bd3 48.Bb3 Bc4 49.Bc2 Ke7 50.Bf5 Rxa2
51.Rd7+ Kf8 52.Rxh7 Bd5 53.Rd7  1-0

[Event "77th ch-BRA"]
[Site "Americana BRA"]
[Date "2010.12.04"]
[Round "6"]
[White "Leitao,R"]
[Black "Matsuura,E"]
[Result "1-0"]
[WhiteElo "2626"]
[BlackElo "2490"]

1.d4 d5 2.c4 dxc4 3.e4 Nc6 4.Nf3 Bg4 5.d5 Ne5 6.Qd4 Nxf3+ 7.gxf3 Bxf3 8.Rg1 e5
9.Qxc4 Bd6 10.Rxg7 Qh4 11.Nc3 h6 12.Rg3 Bg4 13.Nb5 Nf6 14.Nxc7+ Bxc7 15.Qxc7 O-O
16.h3 Rac8  1-0

[Event "49th TCh-DEN XtraCon 2010-11"]
[Site "Denmark DEN"]
[Date "2010.12.05"]
[Round "3.8"]
[White "Christiansen,JJ"]
[Black "Naes,F"]
[Result "0-1"]
[WhiteElo "2136"]
[BlackElo "2231"]

1.d4 d5 2.c4 dxc4 3.e4 Nc6 4.Nf3 Bg4 5.Be3 Bxf3 6.gxf3 e6 7.Bxc4 Qf6 8.Bb5 Bb4+
9.Nc3 Ne7 10.Qe2 O-O-O 11.e5 Qh4 12.a3 Ba5 13.Bxc6 Nxc6 14.O-O-O Nxd4 15.Qc4 Bxc3
16.bxc3 Nxf3 17.Rxd8+ Qxd8 18.Rd1 Qe7 19.Qe4 Qxa3+ 20.Kc2 Qa2+ 21.Kc1 Qa1+
22.Kc2 Qa2+ 23.Kc1 Qe2 24.Qa4 Rd8 25.Rxd8+ Kxd8 26.Bg5+  0-1

[Event "2nd Pilsen Open"]
[Site "Plzen CZE"]
[Date "2010.12.07"]
[Round "5"]
[White "Edwards,R"]
[Black "Berndt,Ma"]
[Result "1/2-1/2"]
[WhiteElo "2018"]
[BlackElo "2176"]

1.d4 d5 2.c4 dxc4 3.e4 e6 4.Bxc4 c5 5.Nf3 cxd4 6.Nxd4 e5 7.Nf3 Qxd1+ 8.Kxd1 Nc6
9.h3 Bd6 10.Nc3 a6 11.Be3 b5 12.Bd5 Bb7 13.Ke2 Nf6 14.Rhd1 Nxd5 15.Nxd5 Rd8
16.Rac1 f6 17.a3 Kf7 18.Nd2 Ke6 19.Nb3 f5 20.f3 fxe4 21.fxe4 Ne7 22.Bg5 Nxd5
23.exd5+ Bxd5 24.Bxd8 Bxb3 25.Rxd6+ Kxd6 26.Bc7+ Kd5 27.Bb6 Bc4+ 28.Ke3 Rf8
29.Rd1+ Kc6 30.Ba5 Rf6 31.Bc3 Bd5 32.Rd2 Kd6 33.Re2 h5 34.Kd2 Rf5 35.h4 g5
36.g3 Bc4 37.Re3 Kd5 38.hxg5 Rxg5 39.Ke1 e4 40.Bf6 Rf5 41.Bc3 Rf1+ 42.Kd2 Rg1
43.Bh8 Bd3 44.Bc3 Kc4 45.Be5 a5 46.Re1 Rg2+ 47.Ke3 Kb3 48.Rh1 Re2+ 49.Kf4 Rxb2
50.Bxb2 Kxb2 51.a4 bxa4 52.Rxh5 a3 53.Rxa5 a2 54.g4 a1=Q 55.Rxa1 Kxa1 56.g5  1/2-1/2

[Event "WCh Women"]
[Site "Antakya TUR"]
[Date "2010.12.11"]
[Round "3.2"]
[White "Cmilyte,V"]
[Black "Skripchenko,A"]
[Result "1/2-1/2"]
[WhiteElo "2514"]
[BlackElo "2460"]

1.d4 d5 2.c4 dxc4 3.e4 Nc6 4.Nf3 Bg4 5.d5 Ne5 6.Bf4 Ng6 7.Be3 Nf6 8.Bxc4 e5
9.Nbd2 Bd6 10.Qb3 Bc8 11.Bb5+ Nd7 12.Bg5 f6 13.Be3 O-O 14.O-O a6 15.Bd3 Nf4
16.Rfc1 Nxd3 17.Qxd3 Nb6 18.Rc2 Bd7 19.b3 f5 20.a4 a5 21.Rac1 h6 22.Bc5 fxe4
23.Nxe4 Bf5 24.Nfd2 Bxc5 25.Rxc5 Rf7 26.Nf3 Rd7 27.Nxe5 Rxd5 28.Rxd5 Qxd5
29.Nf6+ gxf6 30.Qxf5 Qxe5 31.Qg6+ Kf8 32.Qxh6+ Ke8 33.Qh8+ Ke7 34.Qg7+ Ke6
35.Kf1 Qd4 36.Re1+ Kd5 37.Qf7+ Kc5 38.Qe7+ Kd5 39.Qf7+ Kc5 40.Qxc7+ Kb4 41.Qe7+ Kxb3
42.Re3+ Kc2 43.Re2+ Kb3 44.Re3+ Kc2 45.Qh7+ Kb2 46.Re2+ Ka3 47.Qb1 Qc4 48.Qxb6 Re8
49.Qd6+ Kb3 50.Qd1+ Ka3 51.Qd6+ Kb3 52.Qd1+ Ka3 53.Qd6+  1/2-1/2

[Event "TCh-NED"]
[Site "Netherlands NED"]
[Date "2010.12.11"]
[Round "4.5"]
[White "Donker,Roel"]
[Black "Taha,S"]
[Result "1/2-1/2"]
[WhiteElo "2218"]
[BlackElo "2214"]

1.d4 d5 2.c4 dxc4 3.e4 e5 4.Nf3 exd4 5.Bxc4 Nc6 6.O-O Be6 7.Bb5 Bc5 8.Qc2 Qd6
9.Bf4 Qxf4 10.Qxc5 Ne7 11.Nxd4 O-O 12.Bxc6 Nxc6 13.Nxc6 bxc6 14.Nc3 Qd6 15.Na4 Rab8
16.b3 Rb5 17.Qxa7 Rh5 18.f4 Bg4 19.Qe3 Rd8 20.h3 Bc8 21.Qf3 Qh6 22.Rad1 Re8
23.Rf2 Rh4 24.f5 Qg5 25.Rfd2 h6 26.Rd4 Kh7 27.Nc5 Rf4 28.Qd3 Qe7 29.b4 g6
30.fxg6+ fxg6 31.Rd8 Rff8 32.Rxe8 Rxe8 33.a4 Rf8 34.Rf1 Rxf1+ 35.Qxf1 Be6
36.a5 Qd6 37.a6 Qd4+ 38.Kh1 Bc4 39.Qf8 Qa1+ 40.Kh2 Qe5+ 41.Kg1 Qa1+ 42.Kh2 Qe5+
43.g3 Qb2+ 44.Kg1 h5 45.g4 hxg4 46.hxg4 Qxb4 47.a7 Qb1+ 48.Kg2 Qa2+ 49.Kf3 Qa3+
50.Kf4 Qc1+ 51.Kg3 Qe3+ 52.Kh4 Qe1+ 53.Kg5 Qe3+ 54.Kf6 Qf2+ 55.Ke7 Qxc5+
56.Ke8 Qxa7 57.Qe7+ Kh8 58.Qf6+ Kh7 59.Qe7+ Kh6 60.Qh4+ Kg7 61.Qe7+  1/2-1/2

[Event "European Rapid Championship"]
[Site "Warsaw POL"]
[Date "2010.12.19"]
[Round "13"]
[White "Riazantsev,A"]
[Black "Lintchevski,D"]
[Result "1-0"]
[WhiteElo "2689"]
[BlackElo "2532"]

1.d4 d5 2.c4 dxc4 3.e4 Nc6 4.Be3 Nf6 5.e5 Nd5 6.Bxc4 e6 7.Nc3 Nxe3 8.fxe3 Be7
9.Nf3 O-O 10.a3 b6 11.Qc2 Bb7 12.O-O-O a6 13.d5 exd5 14.Nxd5 Kh8 15.h4 f5
16.exf6 Bxf6 17.Ng5 g6 18.Ne6 Qe8 19.Nxf8 Bg7 20.Nxh7  1-0

[Event "WSB Masters IM"]
[Site "Wroclaw POL"]
[Date "2010.12.30"]
[Round "6"]
[White "Matuszewski,Mi"]
[Black "Kalinina,O"]
[Result "1-0"]
[WhiteElo "2361"]
[BlackElo "2222"]

1.d4 d5 2.c4 dxc4 3.e4 e5 4.Nf3 exd4 5.Bxc4 Nc6 6.O-O Be6 7.Bxe6 fxe6 8.Qb3 Qd7
9.Qxb7 Rb8 10.Qa6 Nf6 11.Nbd2 Bb4 12.Qd3 O-O 13.Nc4 Bc5 14.a3 a5 15.b3 Rbe8
16.Bd2 Bb6 17.Rac1 Kh8 18.b4 axb4 19.axb4 Rd8 20.e5 Nd5 21.Ng5 Rf5 22.g4 Ncxb4
23.Qe4 Rxg5 24.Bxg5 Rf8 25.Nxb6 Nxb6 26.Rfd1 Qf7 27.Qxd4 N4d5 28.Rd3 Nd7
29.Rf1 Qg6 30.f4 c5 31.Qc4 h6 32.Rh3 Nxe5 33.Qxc5 Rf7 34.Bxh6 gxh6 35.Qd4 Qxg4+
36.Rg3 Qf5 37.Qxe5+ Kh7 38.Qxf5+ Rxf5 39.Rgf3 Kg6 40.Kg2 Rf7 41.Kg3 Kf5 42.Kh4 Rg7
43.Rg3 Ra7 44.Rg8 Rf7 45.Rgg1 Ra7 46.Rg8 Rf7 47.Kg3 Nf6 48.Rh8 Ne4+ 49.Kg2 Rg7+
50.Kh3 Rg6 51.Rf8+ Nf6 52.Re1 Kxf4 53.Rxe6 Kg5 54.Re5+ Kf4 55.Ra5 Ke4 56.Ra6 Kf5
57.Rf7 Kg5 58.Rb7 Kf5 59.Rb5+ Kf4 60.Rc5 Ke4 61.Ra4+ Kd3 62.Rc6  1-0